Music Quiz

Random Music or Lyrics Quiz

Clicky-oke: Fever For The Flava Quiz Stats

 Plays Quiz not verified by Sporcle

Challenge
Share
Tweet
Embed
Score 0/35 Timer 05:00
0 Plays Today
% Correct
I got the boom, boom system you can hear real far
57.1%
Gimme, gimme some of that kind of movie
42.9%
Call me your super sexy boogie man slayer
42.9%
Maybe gets a little finger sticky, sticky
35.7%
Maybe just a little uh, uh, nookie, nookie
35.7%
Gonna take that booty to the nudie dimension
35.7%
I got the boom, boom system you can hear real far
35.7%
I got to do ya 'til the next song saves ya
35.7%
I got the fever for the flavor of the coochie
35.7%
Gonna strip you down like a car in the barrio
35.7%
Let me get you butt naked, licky, licky
35.7%
Go
35.7%
I got the fever for the flavor of the coochie
35.7%
Go
35.7%
I got the fever for the flavor of the coochie
28.6%
Oh pretty, pretty shy, whoa, whoa
28.6%
Oh pretty, pretty fly, whoa, whoa
28.6%
Just a little something, something, itty bitty
28.6%
% Correct
You won't do another 'cause you're getting with me
28.6%
Maybe gets a little finger sticky, sticky
28.6%
We drink Bacardi, and smoke a bowl
28.6%
I got the boom, boom system you can hear real far
28.6%
Oh pretty, pretty shy, whoa, whoa
28.6%
Oh pretty, pretty fly, whoa, whoa
28.6%
What do I have to say
28.6%
Yo hey ma, yo hey ma, yo hey mamama hoochie
28.6%
What do I have to say
21.4%
What do I have to say
21.4%
Oh pretty, pretty fly, whoa, whoa
21.4%
Yo hey ma, yo hey ma, yo hey mamama hoochie
21.4%
Yo hey ma, yo hey ma, yo hey mamama hoochie
21.4%
You gotta be my first lady, jack it
21.4%
Yo hey ma, yo hey ma, yo hey mamama hoochie
21.4%
Oh pretty, pretty shy, whoa, whoa
14.3%
Mmmmm
14.3%

You're not logged in!

Compare scores with friends on all Sporcle quizzes.
Join for Free
OR
Log In

You Might Also Like...

Show Comments

Extras

Top Quizzes Today


Score Distribution

Your Account Isn't Verified!

In order to create a playlist on Sporcle, you need to verify the email address you used during registration. Go to your Sporcle Settings to finish the process.

Report this User

Report this user for behavior that violates our Community Guidelines.

Details: